Možnosti štrukturálnych a kohéznych fondov v období 2007-2013
Fondy EÚ pre SR. Ciele Národného strategického referenčného rámca (2007-2013). Proces prípravy a implementácia pre čerpanie ŠF. Informatizácia spoločnosti.
Gespeichert in:
| 1. Verfasser: | |
|---|---|
| Format: | Buchkapitel |
| Sprache: | Slowakisch |
| Schlagworte: | |
| Tags: |
Keine Tags, Fügen Sie das erste Tag hinzu!
|
MARC
| LEADER | 00000naa$a2200000$$$4500 | ||
|---|---|---|---|
| 001 | 0056445 | ||
| 005 | 20230929122019.9 | ||
| 041 | 0 | |a slo | |
| 044 | |a SK | ||
| 245 | 1 | 0 | |a Možnosti štrukturálnych a kohéznych fondov v období 2007-2013 |c Ivan Filus |
| 520 | |a Fondy EÚ pre SR. Ciele Národného strategického referenčného rámca (2007-2013). Proces prípravy a implementácia pre čerpanie ŠF. Informatizácia spoločnosti. | ||
| 610 | 2 | 0 | |a fondy štruktúrne |
| 610 | 2 | 0 | |a technológie informačné |
| 610 | 2 | 0 | |a technológie komunikačné |
| 610 | 2 | 0 | |a ekonomika nová |
| 610 | 2 | 0 | |a spoločnosť |
| 610 | 2 | 0 | |a spoločnosť informačná |
| 610 | 2 | 0 | |a informatizácia |
| 610 | 2 | 0 | |a Slovensko |
| 610 | 2 | 0 | |a Európska únia |
| 100 | 1 | |a Filus, Ivan | |